Statistiques concernant Personnage Les Simpsons

Cliquez ici pour prendre le quiz!

Statistiques générales

  • Ce quiz a été pris 177 fois
  • Le résultat moyen est 38 sur 109

Statistiques - réponses

Personnage% Correct
3Simpson Bart
100%
1Simpson Homer
100%
4Simpson Lisa
100%
2Simpson Marge
100%
5Simpson Maggie
97%
49Flanders Ned
87%
6Simpson Abraham
85%
8Petit Papa Noël
84%
26Van Houten Milhouse
83%
41Szyslak Moe
82%
47Nahasapeemapetilon Apu
81%
11Bouvier Selma
77%
14Principal Skinner
77%
34Montgomery Burns
76%
12Bouvier Patty
74%
38Krusty le clown
73%
36Leonard Lenny
73%
22Wiggum Ralph
72%
37Carlson Carl
70%
42Gumble Barney
70%
27Muntz Nelson
69%
21Otto Bus
68%
59Chef Wiggum
67%
16Edna Krapabelle
67%
40Tahiti Bob
64%
9Boule de Neige V
63%
51Flanders Todd
62%
35Waylon Smithers
62%
52Flanders Rod
60%
50Flanders Maude
56%
19Willie
52%
61Dr. Hibbert
51%
72Quimby Joe
49%
28Prince Martin
47%
76Gros Tony
42%
86Brockman Kent
41%
92Howard K. Duff VIII
40%
39Van Horne Melvin
38%
7Simpson Mona
37%
17Elizabeth Hoover
36%
58Nahasapeemapetilon Manjula
36%
32Jones Jimbo
35%
73Lou
35%
15Gary Chalmers
33%
82Le Serpent
32%
66Lovejoy Helen
32%
55Skinner Agnès
32%
46Taupeman Hans
30%
54Scratchy
29%
53Itchy
28%
24Mackleberry Terri
28%
25Mackleberry Sherri
27%
68Spuckler Cletus
27%
56Van Houten Kirk
27%
33Zzyzwicz Kearney
27%
97Disco Stu
26%
84Dr. Nick
26%
57Van Houten Luann
26%
74Eddie
23%
93Professeur Frink
23%
31Starbeam Dolph
22%
101Duffman
21%
60Wiggum Sarah
21%
94Luigi
20%
100Albertson Jeff
19%
45Beardley Jasper
19%
89Gencives Sanglantes
17%
99Capitaine Horatio McCallister
16%
107Vieux Gil
16%
96Ziff Artie
16%
69Spuckler Brandine
15%
10Bouvier Jacqueline
13%
20Doris
13%
62Hibbert Bernice
13%
108Kang
13%
67Lovejoy Jessica
13%
43Sam
13%
13Spider-Cochon
13%
18Dewey Largo
12%
44Larry
12%
87L'Homme-abeille
12%
88Wolfcastle Rainer
12%
105Hutz Lionel
11%
109Kodos
11%
30Zörker Üter
11%
95Herman
10%
23Janey Powell
10%
75Juge Roy Snyder
10%
79Guibole
9%
78Louie
9%
48Nahasapeemapetilon Sanjay
9%
90Tatum Drederick
9%
29Borton Wendell
8%
106Le Riche Texan
8%
102Abernathy Eleanor
7%
98Bébé Gérald
7%
71Clark Lewis
7%
77Michael D'Amico
7%
64Thomas Muntz Jr
7%
83Cecil Terwilliger
6%
80Johnny Bouche Cousue
6%
85Mr. Teeny
6%
63Véronica Angela
6%
65Lovejoy Thimothy
5%
81Frankie Le Bavard
4%
70Coach Krupt
3%
103Naegle Lindsay
3%
91Sweet Lucius
3%
104Freedman Jeremy
2%

Distribution des résultats

Percentile par nombre de réponses

% des personnes avec chaque résultat

Votre développement - résultats

Vous n’avez pas pris ce quiz